000 00420nam a22001337a 4500
999 _c527222
_d527222
008 240814b ||||| |||| 00| 0 eng d
100 _aSarkar, Bhaswati
_956525
245 _aIndia and the European union: A relationship re-energised
260 _aForeign Affairs journal
300 _a18(3-4), Jul-Dec, 2023: p.209-228
773 _aForeign Affairs journal
906 _aINTERNATIONAL RELATIONS
942 _cAR